00241nam a2200097 a 4500001000500000005001700005008004100022050002200063100001900085245003900104414020140414131848.0090218s19uu xx 00 eng d aM 372.4bSw4 2000 aSweeney, Alyse aAll about me write and read books.